000 00337 a2200157 4500
001 22722
020 _a9788532519962
040 _cAnchieta - São Paulo/Itaigara
100 _aPessôa, Augusto
240 1 0 _aMalasartes
_lpor
245 1 0 _aMalasartes
300 _a122
362 0 _a2007
650 4 _aLiteratura juvenil
942 _cBK
999 _c22722
_d22722